| 000 | 01249nam a2200289 a 4500 | ||
|---|---|---|---|
| 003 | DO-SdBNP | ||
| 005 | 20210805101116.0 | ||
| 008 | 180322s2015 dr 000 spa d | ||
| 020 | _a9789945590289 | ||
| 040 |
_aBPMSU _bspa _cBPMSU |
||
| 082 |
_a321.97293 _bV145c 2015 _222 |
||
| 245 | 0 |
_a50 Años de construcción democrática República Dominicana de 1961-2011 / _ccoordinador Julían Valdés |
|
| 246 | 1 | 3 | _aCincuenta años de construcción democrática República Dominicana de 1961-2011 |
| 260 |
_aSanto Domingo : _bFUNGLODE, _c2015. |
||
| 300 |
_a182 p. ; _c24 cm. |
||
| 490 | 0 | _aPolítica | |
| 500 | _aIncluye referencias bibliográficas y notas al pie de las páginas | ||
| 590 | _6Inventariado, 2021/VM | ||
| 650 | 4 |
_aDemocracia _zRepública Dominicana _xCongresos, conferencias, etc. _2 |
|
| 650 | 4 |
_aDerechos civiles _zRepública Dominicana _vCongresos, conferencias, etc. |
|
| 650 | 4 |
_aDesarrollo social _zRepública Dominicana _vCongresos, conferencias, etc. |
|
| 651 | 4 |
_aRepública Dominicana _x Política y gobierno. |
|
| 651 | 4 |
_aRepública Dominicana _xPolítica social |
|
| 710 | 2 | _aFundación Global Democracia y Desarrollo (República Dominicana ) | |
| 910 | _aVMateo | ||
| 942 |
_2ddc _cBK |
||
| 999 |
_c13622 _d13622 |
||